LIBRARY & INFORMATION CENTRE, KCAET, TAVANUR

ONLINE PUBLIC ACCESS CATALOGUE (OPAC)

Soil And Soil Fertility (Record no. 14267)

MARC details
000 -LEADER
fixed length control field 00282nam a22001217a 4500
020 ## - INTERNATIONAL STANDARD BOOK NUMBER
ISBN 9789350842935
082 ## - DEWEY DECIMAL CLASSIFICATION NUMBER
Classification number 631.42
Item number PAR/SO
100 ## - MAIN ENTRY--AUTHOR NAME
Personal name Parameshwar Singh
245 ## - TITLE STATEMENT
Title Soil And Soil Fertility
260 ## - PUBLICATION, DISTRIBUTION, ETC. (IMPRINT)
Place of publication 0New Delhi
Name of publisher Centrun Press
Year of publication 2013
300 ## - PHYSICAL DESCRIPTION
Number of Pages 296
942 ## - ADDED ENTRY ELEMENTS (KOHA)
Koha item type Books
Holdings
Withdrawn status Lost status Damaged status Collection code Home library Current library Shelving location Date acquired Source of acquisition Cost, normal purchase price Full call number Accession Number Koha item type
        KAUAET KAUAET General Stacks 10/06/2016 Cosmo Book House, Calicut 3000.00 631.42 PAR/SO 24348 Books
free website counter